Library Banner

Physical therapy of the shoulder / (Record no. 137353)

MARC details
000 -LEADER
fixed length control field 00872cam a2200253 a 4500
001 - CONTROL NUMBER
control field 16612796
005 - DATE AND TIME OF LATEST TRANSACTION
control field 20250423104033.0
008 - FIXED-LENGTH DATA ELEMENTS--GENERAL INFORMATION
fixed length control field 110112s2012 moua b 001 0 eng
020 ## - INTERNATIONAL STANDARD BOOK NUMBER
International Standard Book Number 9781437707403 (pbk.)
040 ## - CATALOGING SOURCE
Transcribing agency PK-LaUMT
082 00 - DEWEY DECIMAL CLASSIFICATION NUMBER
Classification number 617.572044
Edition number 22
Item number PHY-
245 00 - TITLE STATEMENT
Title Physical therapy of the shoulder /
Statement of responsibility, etc edited by Robert A. Donatelli
250 ## - EDITION STATEMENT
Edition statement 5th ed.
260 ## - PUBLICATION, DISTRIBUTION, ETC. (IMPRINT)
Place of publication, distribution, etc St. Louis, Mo. :
Name of publisher, distributor, etc Elsevier/Churchill Livingstone,
Date of publication, distribution, etc 2012
300 ## - PHYSICAL DESCRIPTION
Extent xii, 476 p. :
Other physical details ill. ;
Dimensions 28 cm.
650 #0 - SUBJECT ADDED ENTRY--TOPICAL TERM
Topical term or geographic name as entry element Shoulder
General subdivision Wounds and injuries.
650 #0 - SUBJECT ADDED ENTRY--TOPICAL TERM
Topical term or geographic name as entry element Shoulder
General subdivision Wounds and injuries
-- Treatment.
650 #0 - SUBJECT ADDED ENTRY--TOPICAL TERM
Topical term or geographic name as entry element Shoulder
General subdivision Wounds and injuries
-- Physical therapy.
650 12 - SUBJECT ADDED ENTRY--TOPICAL TERM
Topical term or geographic name as entry element Shoulder
General subdivision injuries.
650 12 - SUBJECT ADDED ENTRY--TOPICAL TERM
Topical term or geographic name as entry element Shoulder Joint
General subdivision injuries.
650 22 - SUBJECT ADDED ENTRY--TOPICAL TERM
Topical term or geographic name as entry element Physical Therapy Modalities.
700 1# - ADDED ENTRY--PERSONAL NAME
Personal name Donatelli, Robert.
942 ## - ADDED ENTRY ELEMENTS (KOHA)
Koha item type Books
Holdings
Withdrawn status Lost status Damaged status Home library Current library Date acquired Full call number Barcode Date last seen Price effective from Koha item type Copy number
      UMT Health Sciences Campus UMT Health Sciences Campus 2025-04-23 617.572044 PHY- 149376 2025-04-23 2025-04-23 Books  
      UMT Health Sciences Campus UMT Health Sciences Campus 2025-04-23 617.572044 PHY- 149377 2025-04-23 2025-04-23 Books C.2
      UMT Health Sciences Campus UMT Health Sciences Campus 2025-04-23 617.572044 PHY- 149378 2026-01-17 2025-04-23 Books C.3